|
|
|
|
| LEADER |
00000nab a2200000 a 4500 |
| 001 |
vtls010587648 |
| 003 |
SK-MaSNL |
| 005 |
20260303210316.0 |
| 008 |
140404 2012 xo r r 000 0 slo |
| 038 |
|
|
|a KEVKJB
|
| 040 |
|
|
|a KEVKJB
|b slo
|c KEVKJB
|e AACR2
|
| 041 |
0 |
|
|a slo
|
| 044 |
|
|
|a xo
|c SK
|
| 080 |
|
|
|a 78.079
|2 2001
|
| 100 |
1 |
|
|a Bejda, Róbert
|4 aut
|9 760251
|
| 245 |
1 |
0 |
|a Sedem hektických dní plných cestovania, skúšok, hudby a nádherných stretnutí
|b skončil sa 4. ročník medzinárodného festivalu Šengenský poludník
|c Róbert Bejda
|
| 300 |
|
|
|b Fotogr.
|
| 611 |
2 |
7 |
|a Šengenský poludník
|n (4. :
|d 2012 :
|c Košice, Slovensko)
|2 kevkjb
|9 1241842
|
| 650 |
0 |
7 |
|a mládežnícke orchestre
|2 kevkjb
|9 1098895
|
| 650 |
0 |
7 |
|a hudobné festivaly
|2 kevkjb
|9 2958
|
| 651 |
|
7 |
|a Košice (Slovensko)
|2 kevkjb
|9 18694
|
| 773 |
0 |
|
|t Košický večer
|g Roč. 22(44), č. 28 (13.7.2012), s. 4
|x 1336-5320
|
| 852 |
|
|
|a KEVKJB
|b KIS3GCP
|
| 999 |
|
|
|c 2199728
|d 2201658
|